| 000 | 00723nac a22002291u 4500 | ||
|---|---|---|---|
| 010 | _a 2002279900 | ||
| 020 | _a0596000480 | ||
| 082 | 0 | 0 |
_a005.2762 _bFLA |
| 090 |
_c7946 _d7946 |
||
| 100 | _aFlanagan, David. | ||
| 245 | 1 | 0 |
_aJavaScript : _bthe definitive guide / _cDavid Flanagan. |
| 250 | _a5th ed. | ||
| 260 |
_aSebastopol, CA : _bO'Reilly,2007 _c2007 |
||
| 300 |
_axvii,994 p. : _bill. ; _c24 cm. |
||
| 500 | _aIncludes index. | ||
| 500 | _adistributer: Baccah | ||
| 511 | _acatalogued by: wessam | ||
| 650 | 0 | _aJavaScript (Computer program language) | |
| 650 | 0 | _aWeb servers. | |
| 650 | 0 | _aObject-oriented programming (Computer science) | |
| 942 |
_cNB _k005.2762FLA |
||
| 999 |
_c7946 _d7946 |
||